Δενδρώδεις καλλιέργειες

Αποθηκεύτηκε σε:
Λεπτομέρειες βιβλιογραφικής εγγραφής
Κύριος συγγραφέας: Σφακιωτάκης, Ευάγγελος Μ.
Μορφή: Βιβλίο
Γλώσσα:Greek
Δημοσίευση: Αθήνα : Ιδρυμα Ευγενίδου, 1987
Θέματα:
Ετικέτες: Προσθήκη ετικέτας
Δεν υπάρχουν, Καταχωρήστε ετικέτα πρώτοι!

MARC

LEADER 00000nam a2200000 i 4500
001 1/77578
008 960527s1987 gre d
035 |a 1989  |b 2  |c Δωρεά  |l 10032697 
040 |a GR-MY-UA  |b gre  |e aacr 
041 0 |a gre 
082 0 |a 634.07 
100 1 |a Σφακιωτάκης, Ευάγγελος Μ. 
245 1 0 |a Δενδρώδεις καλλιέργειες /  |c Ευάγγελου Μ.Σφακιωτάκη 
260 |a Αθήνα :   |b Ιδρυμα Ευγενίδου,   |c 1987 
300 |a 299 σ. 
650 0 0 |a Fruit-culture  |x Study and teaching (Secondary)  |z Greece. 
852 |a INST  |b RHODES  |e 19960527  |h 634.07 ΣΦΑ  |p 005400002111  |q 005400002111  |t BK  |y 620 
852 |a INST  |b RHODES  |e 19960527  |h 634.07 ΣΦΑ  |p 005400002112  |q 005400002112  |t BK  |y 0 
852 |a INST  |b RHODES  |e 19960527  |h 634.07 ΣΦΑ  |p 005400002113  |q 005400002113  |t BK  |y 620 
909 |a Ρ  |b 014556  |c 1989 
909 |a Ρ  |b 014557  |c 1989 
909 |a Ρ  |b 014558  |c 1989